书目信息 |
| 题名: |
黄秋葵栽培育种与保鲜加工
|
|
| 作者: | 洪建基 , 余文权 , 郑开斌 编著 | |
| 分册: | ||
| 出版信息: | 北京 中国农业出版社 2017.4 |
|
| 页数: | 239页 | |
| 开本: | 21cm | |
| 丛书名: | ||
| 单 册: | ||
| 中图分类: | S649 , TS255.3 | |
| 科图分类: | ||
| 主题词: | 黄秋葵--蔬菜园艺 , 黄秋葵--育种 , 黄秋葵--食品保鲜 , 黄秋葵--食品加工 | |
| 电子资源: | ||
| ISBN: | 978-7-109-15694-4 | |
| 000 | 01453nam0 2200325 450 | |
| 001 | 0400002844 | |
| 005 | 20171021150119.0 | |
| 010 | @a978-7-109-15694-4@dCNY40.00 | |
| 100 | @a20170802e2017 em y0chiy50 ea | |
| 101 | 0 | @achi |
| 102 | @aCN@b110000 | |
| 105 | @aa z 000yy | |
| 106 | @ar | |
| 200 | 1 | @a黄秋葵栽培育种与保鲜加工@9huang qiu kui zai pei yu zhong yu bao xian jia gong@dCultivation breeding and preservation processing of okra@f洪建基,余文权,郑开斌等编著@zeng |
| 210 | @a北京@c中国农业出版社@d2017.4 | |
| 215 | @a239页@c图,彩照@d21cm | |
| 300 | @a资助项目“福建省科技厅重大专项“黄秋葵新品种选育与种业产业化研究”;福建省科技厅公益类项目“黄秋葵主要功能成分分析及其功效研究”;福建省农业科学院科技创新团队PI项目“原生蔬菜种质创新及其品种选育” | |
| 330 | @a本书较全面地阐述了黄秋葵的发展概况、生物学特性与生长发育规律。重点介绍了黄秋葵遗传育种、育苗技术、栽培技术、逆境生理及病虫害防治等技术,针对黄秋葵鲜果易老化和不耐储运的特点,较系统介绍了黄秋葵采后保鲜与加工等方面技术。 | |
| 510 | 1 | @aCultivation breeding and preservation processing of okra@zeng |
| 606 | 0 | @a黄秋葵@x蔬菜园艺 |
| 606 | 0 | @a黄秋葵@x育种 |
| 606 | 0 | @a黄秋葵@x食品保鲜 |
| 606 | 0 | @a黄秋葵@x食品加工 |
| 690 | @aS649@v5 | |
| 690 | @aTS255.3@v5 | |
| 701 | 0 | @a洪建基@9hong jian ji@4编著 |
| 701 | 0 | @a余文权@9yu wen quan@4编著 |
| 701 | 0 | @a郑开斌@9zheng kai bin@4编著 |
| 801 | 0 | @aCN@b91MARC@c20171021 |
| 905 | @b1021598-602@dS649@f5@e436 | |
| 黄秋葵栽培育种与保鲜加工=Cultivation breeding and preservation processing of okra/洪建基,余文权,郑开斌等编著.-北京:中国农业出版社,2017.4 |
| 239页:图,彩照;21cm |
| 资助项目“福建省科技厅重大专项“黄秋葵新品种选育与种业产业化研究”;福建省科技厅公益类项目“黄秋葵主要功能成分分析及其功效研究”;福建省农业科学院科技创新团队PI项目“原生蔬菜种质创新及其品种选育” |
| ISBN 978-7-109-15694-4:CNY40.00 |
| 本书较全面地阐述了黄秋葵的发展概况、生物学特性与生长发育规律。重点介绍了黄秋葵遗传育种、育苗技术、栽培技术、逆境生理及病虫害防治等技术,针对黄秋葵鲜果易老化和不耐储运的特点,较系统介绍了黄秋葵采后保鲜与加工等方面技术。 |
| ● |
| 相关链接 |
|
|
|
|
正题名:黄秋葵栽培育种与保鲜加工
索取号:S649/436
 
预约/预借
| 序号 | 登录号 | 条形码 | 馆藏地/架位号 | 状态 | 备注 |
| 1 | 1021598 | 210215989 | 第二样本阅览室/ [索取号:S649/436] | 在馆 | |
| 2 | 1021599 | 210215998 | 密集书库-生命科学系/ [索取号:S649/436] | 在馆 | |
| 3 | 1021600 | 210216005 | 第三借阅区/ [索取号:S649/436] | 在馆 | |
| 4 | 1021601 | 210216014 | 第三借阅区/ [索取号:S649/436] | 在馆 | |
| 5 | 1021602 | 210216023 | 第三借阅区/ [索取号:S649/436] | 在馆 |